| 000 | 01093nam a22002777a 4500 | ||
|---|---|---|---|
| 005 | 20210325181707.0 | ||
| 008 | s2543 th tha d | ||
| 020 | _a9748596753 | ||
| 041 | _atha | ||
| 050 | _aQA76 ล151ท 2543 | ||
| 100 | 0 | _aลอง, แลร์รี่ | |
| 245 | 1 | 0 | _aเทคโนโลยีคอมพิวเตอร์และสารสนเทศ [8th] |
| 246 | _aComputers | ||
| 260 | 3 |
_aกรุงเทพฯ : _bเพียร์สัน เอ็ดดูเคชั่น อินโดไชน่า, _c2543 |
|
| 300 |
_a208 หน้า : _b ภาพประกอบ ; _c 25 ซม. |
||
| 650 | 0 | 4 | _aข่ายงานคอมพิวเตอร์ |
| 650 | 0 | 4 | _aคอมพิวเตอร์ |
| 650 | 0 | 4 | _aซอฟต์แวร์ |
| 650 | 0 | 4 | _aระบบสารสนเทศ |
| 650 | 0 | 4 | _aไมโครคอมพิวเตอร์ |
| 700 | 0 | _aลอง, แลร์รี่ | |
| 850 | _aNALT | ||
| 942 | _cGB | ||
| 997 | _c000000000012531 | ||
| 998 | _aBENJALUCK SUTTHIWILAI | ||
| 999 |
_c12531 _d12531 |
||